000 01204cad a22002175a 4500
001 E150281
008 100618s2010 xxk f s000 0 eng d
020 _a9780755994090
035 _a(Sirsi) u150281
041 0 _aeng
110 2 _aScotland
_bScottish Government
_95344
245 0 0 _aRepossessions Group protection of tenants
_bfinal report
_h[electronic resource]
260 _aEdinburgh
_bScottish Government
_c2010
505 2 _aIntroduction -- The current position of tenants in repossession cases in Scotland -- The position in England and Wales -- Non-legislative measures -- Legislative measures -- Conclusion -- Annex A: Repossessions Group remit, membership and meeting dates -- Annex B: Statistical information
520 _aSets out the discussions of the Repossessions Group on possible legislative and non-legislative changes which could improve protection for tenants facing repossession of their property.
590 _aKA
651 4 _aScotland
_y1999-
690 _aPROPERTY-RESIDENTIAL PROPERTY-DOMESTIC RESIDENTIAL PROPERTY-HOUSING
856 4 0 _uhttps://www.scotland.gov.uk/Publications/2010/06/18124914/0
_zView the report free of charge at www.scotland.gov.uk
942 _n0
999 _c110817
_d110817